Stadtbezirke von Hannover - Statistiken

Allgemein
  • Dieses Quiz wurde 111 mal gespielt
  • Das Durchschnittsergebnis liegt bei 7 aus 13
Antworten auf der Karte
Die Antworten werden auf der Karte rot bzw. grün angezeigt, abhängig davon wie oft sie richtig erraten wurden.
 
Antwortstatistiken
Antwort % Korrekt
Mitte
82%
Ahlem-Badenstedt-Davenstedt
60%
Herrenhausen-Stöcken
60%
Kirchrode-Bemerode-Wülferode
60%
Linden-Limmer
58%
Bothfeld-Vahrenheide
56%
Misburg-Anderten
56%
Nord
54%
Ricklingen
54%
Döhren-Wülfel
53%
Südstadt-Bult
53%
Buchholz-Kleefeld
46%
Vahrenwald-List
42%
Keine übereinstimmenden Quizze gefunden
Verteilung der Resultate
Anzahl Personen mit jedem Resultat
Perzentil nach korrekt beantworteten Fragen
Ihre Resultats-Entwicklung
Sie haben dieses Quiz noch nicht gespielt